[Event "V Open Alta Padovana A"]
[Site "Loreggia ITA"]
[Date "2005.02.26"]
[Round "2"]
[White "Gromovs, Sergejs"]
[Black "Cedriano, Filippo"]
[Result "1-0"]
[WhiteElo "2335"]
[BlackElo "2052"]
[PlyCount "53"]
[EventDate "2005.02.25"]

1. d4 c5 2. e4 cxd4 3. c3 d3 4. c4 d6 5. Bxd3 g6 6. h4 Nf6 7. Nc3 Nc6 8. Nge2
Ne5 9. Ng3 Qb6 10. Be2 Neg4 11. O-O h5 12. Bg5 Bh6 13. Bxh6 Rxh6 14. Qd2 Rh8
15. Nd5 Nxd5 16. exd5 Kf8 17. Rae1 Nf6 18. Bd3 Bd7 19. Qc3 Rg8 20. Re2 Rc8 21.
Qd2 e6 22. Qh6+ Ke7 23. dxe6 Bxe6 24. Qf4 Qc7 25. Rfe1 d5 26. Qg5 Qc5 27. Re5
1-0

[Event "V Open Alta Padovana A"]
[Site "Loreggia ITA"]
[Date "2005.02.26"]
[Round "2"]
[White "Ljubisavljevic, Zivojin Z."]
[Black "Lavric, Mihail"]
[Result "1-0"]
[WhiteElo "2281"]
[BlackElo "2092"]
[PlyCount "75"]
[EventDate "2005.02.25"]

1. d4 Nf6 2. Bg5 e6 3. e4 Be7 4. e5 Nd5 5. Bxe7 Qxe7 6. c4 Qb4+ 7. Nd2 Nf4 8.
g3 Ng6 9. Qc2 Nc6 10. Ne2 b6 11. Bg2 Bb7 12. O-O O-O 13. h4 Nd8 14. h5 Nh8 15.
h6 Ng6 16. hxg7 Kxg7 17. Bxb7 Nxb7 18. Ne4 Qe7 19. Kg2 d6 20. f4 c5 21. Rh1 Rh8
22. Qd2 h6 23. Raf1 Rad8 24. Qc3 d5 25. cxd5 Rxd5 26. Nf6 Rdd8 27. f5 exf5 28.
Rxf5 cxd4 29. Nxd4 Qc5 30. Nh5+ Kg8 31. Rxf7 Qd5+ 32. Rf3 Qxd4 33. Qc7 Rd7 34.
Nf6+ Kg7 35. Nxd7 Re8 36. Nf8+ Re7 37. Qxe7+ Nxe7 38. Ne6+ 1-0

[Event "V Open Alta Padovana A"]
[Site "Loreggia ITA"]
[Date "2005.02.26"]
[Round "2"]
[White "Navarro, Stefano"]
[Black "Forato, Enrico"]
[Result "1/2-1/2"]
[WhiteElo "2179"]
[BlackElo "1993"]
[PlyCount "40"]
[EventDate "2005.02.25"]

1. e4 c5 2. Nf3 e6 3. d4 cxd4 4. Nxd4 Nf6 5. Nc3 d6 6. Be2 Nbd7 7. f4 a6 8. a4
Be7 9. O-O Qc7 10. Kh1 Nc5 11. Bf3 O-O 12. Qe1 Rd8 13. Be3 Rb8 14. g4 e5 15.
Nf5 Bxf5 16. gxf5 b5 17. axb5 axb5 18. Rd1 Na4 19. fxe5 dxe5 20. Rxd8+ Bxd8
1/2-1/2

[Event "V Open Alta Padovana A"]
[Site "Loreggia ITA"]
[Date "2005.02.26"]
[Round "2"]
[White "Padovan, Remo"]
[Black "Xia, Jie"]
[Result "1/2-1/2"]
[WhiteElo "1853"]
[BlackElo "2097"]
[PlyCount "78"]
[EventDate "2005.02.25"]

1. d4 Nf6 2. c4 g6 3. Nc3 Bg7 4. e4 d6 5. Nf3 O-O 6. Be2 e5 7. d5 a5 8. Bg5 h6
9. Bh4 Qe8 10. Nd2 Na6 11. O-O Bd7 12. b3 Nh7 13. a3 h5 14. f3 Bh6 15. Bf2 f5
16. exf5 gxf5 17. Rb1 Kh8 18. Kh1 Rg8 19. Rg1 Nf6 20. Qc2 Qg6 21. b4 axb4 22.
axb4 Qg5 23. Nf1 h4 24. Bd3 Nh5 25. Be3 Qf6 26. Bxh6 Qxh6 27. Ne2 Ng3+ 28.
Nexg3 hxg3 29. Bxf5 Bxf5 30. Qxf5 Rg5 31. Qh3 Rh5 32. Qxg3 Rg8 33. Qf2 Qg6 34.
Rb3 c6 35. dxc6 bxc6 36. g3 Nc7 37. Ne3 Ne6 38. g4 Rh7 39. Nf5 Nf4 1/2-1/2

[Event "V Open Alta Padovana A"]
[Site "Loreggia ITA"]
[Date "2005.02.26"]
[Round "2"]
[White "Pircher, Karl"]
[Black "Casciello, Dimitri"]
[Result "1/2-1/2"]
[WhiteElo "2012"]
[BlackElo "1904"]
[PlyCount "62"]
[EventDate "2005.02.25"]

1. d4 Nf6 2. c4 g6 3. Nc3 Bg7 4. e4 d6 5. Nf3 O-O 6. Be2 e5 7. O-O Nc6 8. d5
Ne7 9. Bd2 Nh5 10. Ne1 Nf4 11. Rc1 f5 12. b4 a5 13. a3 axb4 14. axb4 fxe4 15.
Nxe4 Nf5 16. Bc3 Ra2 17. Rc2 Rxc2 18. Nxc2 Nxe2+ 19. Qxe2 Nd4 20. Bxd4 exd4 21.
Qd3 Qh4 22. g3 Qh5 23. f3 b5 24. Nxd4 bxc4 25. Qxc4 Ba6 26. b5 Bxd4+ 27. Qxd4
Bxb5 28. Nf6+ Rxf6 29. Qxf6 Bxf1 30. Qe6+ Kg7 31. Qe7+ Kg8 1/2-1/2

[Event "V Open Alta Padovana A"]
[Site "Loreggia ITA"]
[Date "2005.02.26"]
[Round "2"]
[White "Quaranta, Cristiano"]
[Black "Cacco, Christian"]
[Result "0-1"]
[WhiteElo "2072"]
[BlackElo "2282"]
[PlyCount "132"]
[EventDate "2005.02.25"]

1. d4 Nf6 2. Bg5 Ne4 3. Bf4 c5 4. d5 d6 5. f3 Nf6 6. c4 g6 7. Nc3 Bg7 8. e4
Nbd7 9. Nh3 O-O 10. Be2 Ne5 11. Nf2 Ne8 12. Qd2 a6 13. Bh6 f6 14. Bxg7 Kxg7 15.
h4 Nc7 16. h5 Nf7 17. a4 Bd7 18. a5 e5 19. Na4 Bxa4 20. Rxa4 Ne8 21. Ra3 b6 22.
f4 g5 23. f5 bxa5 24. Rxa5 Qb6 25. O-O Nc7 26. Rfa1 Nd8 27. Nd3 Nb7 28. R5a4 a5
29. g4 Na6 30. Qe3 Nc7 31. Qd2 Ra6 32. Bd1 Rfa8 33. Nc1 R6a7 34. Nb3 h6 35. Kg2
Kf8 36. Qc3 Ke8 37. R1a3 Kd7 38. Nd2 Na6 39. Ra1 Nb4 40. R4a3 a4 41. Bxa4+ Kc7
42. Bb5 Kb8 43. Rxa7 Rxa7 44. Rxa7 Qxa7 45. Qa3 Qxa3 46. bxa3 Nc2 47. a4 Kc7
48. Kf2 Kb6 49. Nb3 Na5 50. Nd2 Nd4 51. Nf3 Nxf3 52. Kxf3 Nb3 53. Ke3 Ka5 54.
Kd3 Kb4 55. Be8 Na5 56. Bb5 Kb3 57. Ba6 Kxa4 58. Kc3 Nb3 59. Bb5+ Ka3 60. Kd3
Kb4 61. Ba6 Nd4 62. Ke3 Kc3 63. Bb5 Nc2+ 64. Kf3 Na3 65. Ba4 Nxc4 66. Bd1 Kd4
0-1

[Event "V Open Alta Padovana A"]
[Site "Loreggia ITA"]
[Date "2005.02.26"]
[Round "2"]
[White "Verducci, Gianni"]
[Black "Mukic, Josko"]
[Result "0-1"]
[WhiteElo "2081"]
[BlackElo "2340"]
[PlyCount "52"]
[EventDate "2005.02.25"]

1. e4 d5 2. exd5 Qxd5 3. Nc3 Qa5 4. d4 c6 5. Bd2 Nf6 6. Bc4 Bf5 7. Nf3 e6 8.
Nd5 Qd8 9. Nxf6+ gxf6 10. c3 Nd7 11. Nh4 Bg6 12. Nxg6 hxg6 13. Qf3 Qc7 14. h4
O-O-O 15. O-O-O Bh6 16. Be3 f5 17. g4 Bxe3+ 18. fxe3 Nf6 19. gxf5 exf5 20. Bd3
Qe7 21. Rde1 Rde8 22. h5 Qe6 23. hxg6 fxg6 24. Rxh8 Rxh8 25. e4 fxe4 26. Bxe4
Re8 0-1

[Event "V Open Alta Padovana A"]
[Site "Loreggia ITA"]
[Date "2005.02.26"]
[Round "2"]
[White "Zarpellon, Daniel"]
[Black "Renier, Renzo"]
[Result "0-1"]
[WhiteElo "2108"]
[BlackElo "1987"]
[PlyCount "94"]
[EventDate "2005.02.25"]

1. d4 Nf6 2. c4 g6 3. Nc3 d5 4. e3 Bg7 5. Nf3 O-O 6. Bd3 c5 7. O-O Nc6 8. dxc5
dxc4 9. Bxc4 Qa5 10. Na4 Ne4 11. Rb1 Nxc5 12. Nxc5 Qxc5 13. Qd5 Qxd5 14. Bxd5
Nb4 15. e4 Nxd5 16. exd5 Bf5 17. Ra1 Rfd8 18. Rd1 Be4 19. Ng5 Bxd5 20. f3 h6
21. Nh3 Be6 22. Be3 Bd5 23. Nf4 e6 24. Rd2 Rd7 25. Rad1 Rad8 26. Nxd5 Rxd5 27.
b4 Rxd2 28. Rxd2 Rxd2 29. Bxd2 b5 30. Be3 a6 31. Kf2 Kf8 32. Bc5+ Ke8 33. Ke3
Kd7 34. Ke4 Kc6 35. h3 f5+ 36. Ke3 Kd5 37. Kd3 e5 38. Be7 e4+ 39. fxe4+ fxe4+
40. Ke3 Bd4+ 41. Kd2 Kc4 42. g4 Bb2 43. h4 h5 44. gxh5 gxh5 45. Ke3 Kd5 46. Ke2
Ba3 47. Ke3 a5 0-1

[Event "V Open Alta Padovana A"]
[Site "Loreggia ITA"]
[Date "2005.02.26"]
[Round "3"]
[White "Annoni, Riccardo"]
[Black "Pircher, Karl"]
[Result "1/2-1/2"]
[WhiteElo "2071"]
[BlackElo "2012"]
[PlyCount "85"]
[EventDate "2005.02.25"]

1. d4 d5 2. Nf3 Nf6 3. e3 c6 4. c4 e6 5. Nc3 Be7 6. Bd3 dxc4 7. Bxc4 b5 8. Bd3
a6 9. e4 Bb7 10. O-O c5 11. dxc5 Bxc5 12. Bg5 Nbd7 13. e5 Bxf3 14. exf6 Bxd1
15. fxg7 Rg8 16. Bxd8 Bf3 17. Bh4 Rxg7 18. Bg3 Bb7 19. Rac1 f5 20. Ne2 Kf7 21.
Rfd1 Kg8 22. Kf1 Bb6 23. f3 Nc5 24. Bb1 Bd5 25. b3 Rd7 26. Nf4 Rad8 27. Ke2 Nb7
28. Bh4 Rf8 29. Bf2 Bxf2 30. Kxf2 Rfd8 31. Nxd5 Rxd5 32. Rxd5 Rxd5 33. Rc8+ Nd8
34. Ra8 Rd1 35. Kg3 Kf7 36. b4 Rxb1 37. Rxd8 Rxb4 38. Rd7+ Kf6 39. Rxh7 Ra4 40.
Rh6+ Ke5 41. h4 Rxa2 42. f4+ Kd5 43. h5 1/2-1/2

[Event "V Open Alta Padovana A"]
[Site "Loreggia ITA"]
[Date "2005.02.26"]
[Round "3"]
[White "Boanta, Sandu"]
[Black "Garofalo, Sergio"]
[Result "1-0"]
[WhiteElo "1826"]
[BlackElo "2005"]
[PlyCount "131"]
[EventDate "2005.02.25"]

1. d4 Nf6 2. c4 e5 3. Bg5 Bb4+ 4. Nc3 h6 5. Bxf6 Qxf6 6. dxe5 Qxe5 7. Rc1 O-O
8. Nf3 Qf6 9. e3 d6 10. Be2 Nc6 11. O-O Bxc3 12. Rxc3 Bf5 13. Nd4 Bd7 14. a3 a6
15. Bg4 Bxg4 16. Qxg4 Ne5 17. Qf5 Qxf5 18. Nxf5 g6 19. Nxh6+ Kg7 20. f4 Kxh6
21. fxe5 dxe5 22. Rd3 Rfd8 23. Rfd1 Rxd3 24. Rxd3 f5 25. Rd7 Rc8 26. Kf2 Kg5
27. Rf7 b6 28. g3 c5 29. h4+ Kh6 30. Ra7 a5 31. Re7 Rd8 32. Ke2 e4 33. Re6 Rb8
34. a4 Rb7 35. Rd6 Kh5 36. Kf2 Rb8 37. Ke2 g5 38. hxg5 Kxg5 39. Kf2 Rb7 40. Kg2
Kg4 41. Rg6+ Kh5 42. Rf6 Rd7 43. Rxf5+ Kg6 44. Rd5 Rf7 45. Rd6+ Kg5 46. Rxb6
Rf3 47. Rb5 Kg4 48. Rxc5 Rxe3 49. Kf2 Rxg3 50. Re5 Rf3+ 51. Ke2 Kf4 52. Rxa5
Rh3 53. Kd2 Rh2+ 54. Kc3 e3 55. Ra8 Kf3 56. Re8 Rd2 57. a5 Rd7 58. b4 Kf2 59.
a6 e2 60. b5 Ra7 61. Kb4 e1=Q+ 62. Rxe1 Kxe1 63. Ka5 Kd2 64. b6 Rh7 65. a7 Rh1
66. b7 1-0

[Event "V Open Alta Padovana A"]
[Site "Loreggia ITA"]
[Date "2005.02.26"]
[Round "3"]
[White "Cacco, Christian"]
[Black "Gromovs, Sergejs"]
[Result "1/2-1/2"]
[WhiteElo "2282"]
[BlackElo "2335"]
[PlyCount "91"]
[EventDate "2005.02.25"]

1. d4 d5 2. Nf3 Nf6 3. c4 c6 4. Nc3 dxc4 5. e3 b5 6. a4 b4 7. Na2 Bg4 8. Bxc4
e6 9. Bd2 a5 10. Nc1 Bd6 11. Be2 O-O 12. Nd3 Nbd7 13. h3 Bf5 14. O-O c5 15. Rc1
Rc8 16. Qb3 Ne4 17. Rfd1 Qe7 18. Be1 cxd4 19. exd4 Qf6 20. Rc2 Ng5 21. Nxg5
Qxg5 22. Bd2 Qh4 23. Be3 Be4 24. Rxc8 Rxc8 25. Rc1 Rxc1+ 26. Nxc1 Nb6 27. Nd3
Bd5 28. Qc2 b3 29. Qc3 Nc4 30. Ne5 Qe4 31. Bf1 Bxe5 32. dxe5 h5 33. Bd4 g6 34.
f3 Qb1 35. Kf2 Qc2+ 36. Ke1 Qb1+ 37. Kf2 Qc2+ 38. Kg3 Nd2 39. Bd3 Qd1 40. Qc8+
Kg7 41. Bc5 Qe1+ 42. Kh2 Qxe5+ 43. Kh1 Qe1+ 44. Kh2 Qe5+ 45. Kh1 Qe1+ 46. Kh2
1/2-1/2

[Event "V Open Alta Padovana A"]
[Site "Loreggia ITA"]
[Date "2005.02.26"]
[Round "3"]
[White "Casciello, Dimitri"]
[Black "Gennari, Leone"]
[Result "0-1"]
[WhiteElo "1904"]
[BlackElo "2053"]
[PlyCount "154"]
[EventDate "2005.02.25"]

1. e4 c6 2. d4 d5 3. e5 Bf5 4. Nc3 e6 5. g4 Bg6 6. Nge2 h6 7. Be3 Nd7 8. Nf4
Bh7 9. h4 c5 10. Qe2 a6 11. dxc5 Bxc5 12. Bxc5 Nxc5 13. Bg2 Ne7 14. Nh5 Rg8 15.
f4 Qc7 16. Ng3 O-O-O 17. O-O Nc6 18. Qf2 Nd7 19. Na4 b5 20. Nc5 Qb6 21. Nd3
Qxf2+ 22. Rxf2 Kb8 23. a4 b4 24. a5 Ka7 25. Nc1 Rb8 26. Nb3 f6 27. exf6 gxf6
28. Bf3 Ne7 29. Re1 e5 30. Kh2 e4 31. Nd4 Rgc8 32. Nh5 Nc6 33. Nxc6+ Rxc6 34.
f5 Ne5 35. Bd1 Rbc8 36. Nf4 Bg8 37. Kg3 Bf7 38. Ne2 Rc4 39. b3 R4c5 40. Kf4 Rg8
41. Nd4 Rc3 42. Re3 Rc5 43. Rg3 Nc6 44. Nxc6+ Rxc6 45. g5 hxg5+ 46. hxg5 Rxg5
47. Rxg5 fxg5+ 48. Kxg5 d4 49. Rd2 Rd6 50. Kf4 e3 51. Rg2 Kb8 52. Rg7 Rd7 53.
Be2 Kc7 54. Bxa6 Kd6 55. Bd3 Re7 56. Be2 Rc7 57. Bd3 Re7 58. Rg2 Bd5 59. Rg6+
Kc5 60. Be2 Rh7 61. Rg1 Rh2 62. Re1 Kd6 63. Kg5 Ke5 64. Bd3 Rg2+ 65. Kh4 Rf2
66. Kg3 Be4 67. Bxe4 Kxe4 68. a6 Rxf5 69. Ra1 Rg5+ 70. Kh4 Rg8 71. a7 Ra8 72.
Kg3 d3 73. cxd3+ Kxd3 74. Kf3 Rf8+ 75. Kg3 e2 76. Kg2 Kc3 77. Re1 Kd2 0-1

[Event "V Open Alta Padovana A"]
[Site "Loreggia ITA"]
[Date "2005.02.26"]
[Round "3"]
[White "Cecchetto, Vanni"]
[Black "Navarro, Stefano"]
[Result "0-1"]
[WhiteElo "1989"]
[BlackElo "2179"]
[PlyCount "56"]
[EventDate "2005.02.25"]

1. Nf3 d5 2. d4 e6 3. c4 c6 4. Nc3 Nf6 5. Bg5 dxc4 6. e4 b5 7. e5 h6 8. Bh4 g5
9. Nxg5 hxg5 10. Bxg5 Nbd7 11. exf6 Bb7 12. Be2 Qb6 13. Bf3 O-O-O 14. Bf4 Nc5
15. O-O Nd3 16. Be3 Qc7 17. g3 b4 18. Na4 Ne5 19. dxe5 Rxd1 20. Rfxd1 Qa5 21.
a3 Qxa4 22. axb4 Qxb4 23. Rxa7 Bc5 24. Bd2 Qb6 25. Ra4 Bxf2+ 26. Kg2 Bc5 27.
Rxc4 Rd8 28. Ra4 Qxb2 0-1

[Event "V Open Alta Padovana A"]
[Site "Loreggia ITA"]
[Date "2005.02.26"]
[Round "3"]
[White "Cedriano, Filippo"]
[Black "Belloni, Umberto"]
[Result "1/2-1/2"]
[WhiteElo "2052"]
[BlackElo "1950"]
[PlyCount "123"]
[EventDate "2005.02.25"]

1. e4 e6 2. d4 d5 3. e5 c5 4. c3 Nc6 5. Nf3 Qb6 6. a3 a5 7. Bd3 Bd7 8. Bc2 Qa6
9. Be3 b6 10. Nbd2 c4 11. a4 g6 12. O-O Nge7 13. Qe2 Nf5 14. b3 cxb3 15. Qxa6
Rxa6 16. Bd3 Ra8 17. Rfb1 Nxe3 18. fxe3 Rb8 19. Rxb3 Be7 20. e4 O-O 21. Rab1
Bd8 22. Bb5 Rc8 23. c4 dxc4 24. Nxc4 Nxd4 25. Nxd4 Bxb5 26. Nd6 Bxa4 27. Nxc8
Bxb3 28. Rxb3 Bc7 29. Nd6 Rd8 30. N4b5 Bb8 31. Nc4 Kg7 32. Kf2 f6 33. exf6+
Kxf6 34. g3 g5 35. Nxb6 Be5 36. Ke3 h5 37. Rd3 Rxd3+ 38. Kxd3 Ke7 39. Nc4 Bg7
40. Nxa5 Kf6 41. Nd6 Ke7 42. Nac4 Bf6 43. e5 Bxe5 44. Nxe5 Kxd6 45. Nf7+ Kd5
46. Nxg5 Ke5 47. Ke3 Kf5 48. Nxe6 Kxe6 49. Kf4 Kf6 50. h3 Kg6 51. Ke5 Kg5 52.
Ke4 Kf6 53. Kf4 Kg6 54. Ke3 Kf5 55. Kf3 Kg5 56. Kf2 Kf5 57. Kf3 Kg5 58. Ke4 Kf6
59. Kf4 Kg6 60. g4 hxg4 61. hxg4 Kf6 62. g5+ 1/2-1/2

[Event "V Open Alta Padovana A"]
[Site "Loreggia ITA"]
[Date "2005.02.26"]
[Round "3"]
[White "Forato, Enrico"]
[Black "Quaranta, Cristiano"]
[Result "1/2-1/2"]
[WhiteElo "1993"]
[BlackElo "2072"]
[PlyCount "89"]
[EventDate "2005.02.25"]

1. e4 c5 2. Nf3 d6 3. d4 cxd4 4. Nxd4 Nf6 5. Nc3 a6 6. Be2 e6 7. f4 Nbd7 8. O-O
b5 9. Bf3 Bb7 10. e5 Bxf3 11. Qxf3 dxe5 12. Nc6 Bc5+ 13. Kh1 e4 14. Nxe4 Qb6
15. Nxc5 Qxc5 16. Ne5 O-O 17. Nxd7 Nxd7 18. c3 Qc4 19. Be3 e5 20. Rad1 e4 21.
Qg3 Nf6 22. Bd4 Qc6 23. Rfe1 Rfe8 24. Qg5 Rad8 25. Bxf6 Qxf6 26. Qxf6 gxf6 27.
g4 Rxd1 28. Rxd1 f5 29. gxf5 Kg7 30. Kg2 Kf6 31. Kf2 Kxf5 32. Ke3 Rg8 33. Rd5+
Ke6 34. Rg5 Rd8 35. Re5+ Kf6 36. Rxe4 Rd1 37. Rd4 Re1+ 38. Kf2 Rb1 39. Rd2 Kf5
40. Ke3 Re1+ 41. Kf3 Rf1+ 42. Kg3 Rg1+ 43. Kf3 Rf1+ 44. Ke3 Re1+ 45. Kf3
1/2-1/2

[Event "V Open Alta Padovana A"]
[Site "Loreggia ITA"]
[Date "2005.02.26"]
[Round "3"]
[White "Fragni, Enrico"]
[Black "Pomaro, Alberto"]
[Result "0-1"]
[WhiteElo "1898"]
[BlackElo "1757"]
[PlyCount "156"]
[EventDate "2005.02.25"]

1. Nf3 Nf6 2. d4 g6 3. Bg5 Ne4 4. Bf4 Bg7 5. e3 b6 6. Nbd2 Bb7 7. Bc4 O-O 8.
Qe2 c5 9. c3 Nxd2 10. Qxd2 d5 11. Bd3 c4 12. Bc2 a5 13. a4 Nd7 14. Bg5 Bc6 15.
Qd1 Re8 16. O-O f6 17. Bf4 e6 18. g4 Qe7 19. Kh1 e5 20. Bg3 Qe6 21. Nh4 e4 22.
h3 Kf7 23. f4 exf3 24. Rxf3 Ke7 25. Qg1 Kd8 26. Raf1 Qe7 27. Bh2 Nf8 28. Ng2
Ne6 29. h4 Kc8 30. Nf4 Kb7 31. Qg3 Nxf4 32. Qxf4 Qf7 33. Rb1 Re6 34. b4 axb4
35. Rxb4 Bf8 36. Rb1 Qg7 37. Qg3 Bd6 38. Qf2 Bxh2 39. Kxh2 Bxa4 40. Bxa4 Rxa4
41. Kh3 Qe7 42. Qb2 Qd7 43. Qc2 Re4 44. Rg1 Ra5 45. Qf2 Qe7 46. Rxf6 Rxe3+ 47.
Rg3 Rxg3+ 48. Kxg3 Qc7+ 49. Kh3 Ka6 50. Rf7 Qd6 51. Rf8 Ra3 52. Ra8+ Kb5 53.
Rxa3 Qxa3 54. Qe1 Ka5 55. h5 b5 56. hxg6 hxg6 57. Kh4 b4 58. cxb4+ Qxb4 59. Qe8
c3 60. Qa8+ Kb5 61. Qxd5+ Ka4 62. Qa2+ Qa3 63. Qc4+ Ka5 64. Qc7+ Kb4 65. Qc5+
Kb3 66. Qb5+ Qb4 67. Qd5+ Kb2 68. Qe5 c2 69. d5+ Kb1 70. Qf6 c1=Q 71. Qxg6+ Qc2
72. Qxc2+ Kxc2 73. Kh5 Qd4 74. g5 Qxd5 75. Kh6 Qg8 76. g6 Kd3 77. Kg5 Ke4 78.
Kf6 Kd5 0-1

[Event "V Open Alta Padovana A"]
[Site "Loreggia ITA"]
[Date "2005.02.26"]
[Round "3"]
[White "Lavric, Mihail"]
[Black "Busi, Massimo"]
[Result "1-0"]
[WhiteElo "2092"]
[BlackElo "1820"]
[PlyCount "103"]
[EventDate "2005.02.25"]

1. d4 d6 2. c4 g6 3. Nc3 Bg7 4. e4 Nc6 5. Be3 e5 6. d5 Nd4 7. Nge2 c5 8. dxc6
Nxc6 9. c5 dxc5 10. Qxd8+ Nxd8 11. Bxc5 Bd7 12. Nd5 Ne6 13. Bd6 Rc8 14. Nec3
Nd4 15. Bd3 Bc6 16. O-O Kd7 17. Ba3 f5 18. Rad1 f4 19. f3 Bf8 20. Bxf8 Rxf8 21.
Bc4 Ne7 22. Nb4 Rd8 23. Nd3 Kd6 24. Nxf4 Kc5 25. Nd3+ Kxc4 26. Nxe5+ Kc5 27.
Nf7 Rhf8 28. Nxd8 Rxd8 29. Rf2 Bb5 30. Rfd2 Nec6 31. Kf2 a5 32. Nxb5 Kxb5 33.
Ke3 Nc2+ 34. Kf4 N2d4 35. h4 h6 36. Ke3 Nc2+ 37. Kf2 N2d4 38. f4 Kc5 39. g3 h5
40. e5 Rf8 41. Rc1+ Kb5 42. b3 Rd8 43. Rc4 Ka6 44. Rc3 Kb5 45. a3 Rf8 46. Ke3
Rd8 47. Rdd3 Nf5+ 48. Kf3 Ncd4+ 49. Kf2 Ne7 50. Rc7 Ne6 51. Rxb7+ Kc6 52. Rxd8
1-0

[Event "V Open Alta Padovana A"]
[Site "Loreggia ITA"]
[Date "2005.02.26"]
[Round "3"]
[White "Molina, Fabrizio"]
[Black "Padovan, Remo"]
[Result "1-0"]
[WhiteElo "2276"]
[BlackElo "1853"]
[PlyCount "47"]
[EventDate "2005.02.25"]

1. c4 e6 2. g3 d5 3. Bg2 c6 4. Nf3 Bd6 5. b3 Nd7 6. Bb2 Ngf6 7. O-O O-O 8. d3
Qe7 9. Nc3 a6 10. Rc1 b5 11. Qd2 Bb7 12. Rfd1 Nb6 13. e4 Nfd7 14. cxd5 cxd5 15.
Nd4 b4 16. Nxd5 Bxd5 17. exd5 Rac8 18. Nc6 Qe8 19. Re1 Nc5 20. d4 Nb7 21. dxe6
fxe6 22. d5 Bc5 23. Rxc5 Nxc5 24. Qd4 1-0

[Event "V Open Alta Padovana A"]
[Site "Loreggia ITA"]
[Date "2005.02.26"]
[Round "3"]
[White "Mukic, Josko"]
[Black "Dvirnyy, Danyyil"]
[Result "1/2-1/2"]
[WhiteElo "2340"]
[BlackElo "2098"]
[PlyCount "30"]
[EventDate "2005.02.25"]

1. f4 d5 2. Nf3 Nf6 3. e3 Bg4 4. h3 Bxf3 5. Qxf3 e6 6. g4 Ne4 7. h4 c6 8. d3
Qa5+ 9. c3 Nd6 10. Nd2 Nd7 11. d4 O-O-O 12. Bd3 Be7 13. e4 dxe4 14. Nxe4 Nxe4
15. Qxe4 Nf6 1/2-1/2

[Event "V Open Alta Padovana A"]
[Site "Loreggia ITA"]
[Date "2005.02.26"]
[Round "3"]
[White "Pojer, Romeo"]
[Black "Ljubisavljevic, Zivojin Z."]
[Result "1-0"]
[WhiteElo "2127"]
[BlackElo "2281"]
[PlyCount "107"]
[EventDate "2005.02.25"]

1. e4 e6 2. d4 d5 3. Nc3 Bb4 4. Nge2 dxe4 5. a3 Be7 6. Nxe4 Nf6 7. Qd3 Nxe4 8.
Qxe4 Qd5 9. Qg4 g6 10. Nc3 Qf5 11. Qe2 Bd7 12. g4 Qa5 13. Bg2 Nc6 14. Be3 O-O-O
15. O-O Qa6 16. Qf3 e5 17. d5 Nd4 18. Qxf7 Bf6 19. Ne4 Rhf8 20. Qxh7 Bxg4 21.
Bxd4 exd4 22. Qxg6 Rg8 23. Qxf6 Qxf6 24. Nxf6 Bf3 25. Nxg8 Rxg8 26. Rfe1 Rxg2+
27. Kf1 Rxh2 28. Re8+ Kd7 29. Rg8 Bxd5 30. Rg1 c5 31. a4 Be4 32. Rc1 Rh3 33.
Ke1 Kc6 34. Rg3 Rh4 35. Ke2 b5 36. axb5+ Kxb5 37. c3 d3+ 38. Ke3 c4 39. Rcg1
Bc6 40. Rg5+ Ka4 41. R5g4 Rxg4 42. Rxg4 Kb3 43. Kd2 Bb5 44. Rg7 a6 45. f4 Kxb2
46. f5 Ba4 47. f6 Bb3 48. f7 a5 49. f8=Q a4 50. Qf1 a3 51. Rg1 Bc2 52. Qa1+ Kb3
53. Rg7 a2 54. Rb7+ 1-0

[Event "V Open Alta Padovana A"]
[Site "Loreggia ITA"]
[Date "2005.02.26"]
[Round "3"]
[White "Renier, Renzo"]
[Black "Verducci, Gianni"]
[Result "1-0"]
[WhiteElo "1987"]
[BlackElo "2081"]
[PlyCount "65"]
[EventDate "2005.02.25"]

1. e4 e6 2. d4 d5 3. Nd2 Nf6 4. e5 Nfd7 5. Bd3 c5 6. c3 Qb6 7. Ne2 Nc6 8. Nf3
cxd4 9. cxd4 Bb4+ 10. Bd2 O-O 11. O-O f6 12. exf6 Nxf6 13. Rc1 e5 14. dxe5 Ng4
15. Bf4 Bc5 16. Bg3 Be6 17. Nf4 Rxf4 18. Bxf4 Nxf2 19. Rxf2 Bxf2+ 20. Kh1 Bg4
21. Bxh7+ Kh8 22. Bb1 Rf8 23. Qd2 Bf5 24. Bh6 Bxb1 25. Rxb1 Nd8 26. Bg5 Ne6 27.
Be7 Rf7 28. Bd6 Nf4 29. Rc1 g6 30. e6 Qxd6 31. exf7 Bb6 32. Rc8+ Bd8 33. Rxd8+
1-0

[Event "V Open Alta Padovana A"]
[Site "Loreggia ITA"]
[Date "2005.02.26"]
[Round "3"]
[White "Ricci, Alfredo"]
[Black "Zarpellon, Daniel"]
[Result "1-0"]
[WhiteElo "1981"]
[BlackElo "2108"]
[PlyCount "85"]
[EventDate "2005.02.25"]

1. e4 d6 2. d4 e5 3. Nf3 exd4 4. Bc4 Be7 5. c3 dxc3 6. Qb3 Nc6 7. Bxf7+ Kf8 8.
Bxg8 Rxg8 9. Nxc3 Na5 10. Qc2 Be6 11. O-O c6 12. e5 d5 13. Qxh7 c5 14. h4 Qe8
15. Bg5 b5 16. Rad1 Rd8 17. Bxe7+ Kxe7 18. Ng5 b4 19. f4 bxc3 20. f5 Bf7 21.
f6+ Kd7 22. e6+ Bxe6 23. f7 Bxf7 24. Rxf7+ Kc6 25. Qd3 Nc4 26. bxc3 Qe3+ 27.
Qxe3 Nxe3 28. Rd3 Rde8 29. Rxa7 Ng4 30. Nf3 Rb8 31. Ra6+ Kb5 32. Rg6 Kc4 33.
Rd1 Ne3 34. Re1 Nc2 35. Rd1 Ra8 36. Ne5+ Kxc3 37. Rg3+ Kb2 38. Nd3+ Kxa2 39.
Nxc5 d4 40. Ne6 Ra4 41. Rg4 Ra6 42. Nxd4 Rd6 43. Rd2 1-0

[Event "V Open Alta Padovana A"]
[Site "Loreggia ITA"]
[Date "2005.02.26"]
[Round "3"]
[White "Roberti, Ignazio"]
[Black "Bonafede, Alessandro"]
[Result "1/2-1/2"]
[WhiteElo "1975"]
[BlackElo "2089"]
[PlyCount "81"]
[EventDate "2005.02.25"]

1. e4 c5 2. Nf3 Nc6 3. c3 d6 4. d4 Nf6 5. Qc2 e5 6. dxc5 dxc5 7. Bb5 Qc7 8.
Nbd2 Bd7 9. O-O Be7 10. Re1 O-O 11. a4 h6 12. h3 a6 13. Bxc6 Bxc6 14. Nc4 Rad8
15. Ncd2 b5 16. axb5 axb5 17. b3 Nh5 18. g3 Bd7 19. Kg2 f5 20. c4 fxe4 21. Qxe4
Bc6 22. Ra7 Qxa7 23. Qxc6 b4 24. Qe6+ Kh8 25. Qxe5 Bg5 26. Nxg5 hxg5 27. Qxg5
Nf6 28. Bb2 Nh7 29. Qe3 Qb7+ 30. f3 Qd7 31. Ne4 Qd3 32. Kf2 Qc2+ 33. Re2 Qb1
34. Nxc5 Qh1 35. Bxg7+ Kxg7 36. Ne6+ Kg8 37. Nxd8 Qh2+ 38. Ke1 Qh1+ 39. Kf2
Qh2+ 40. Ke1 Qh1+ 41. Kf2 1/2-1/2

[Event "V Open Alta Padovana A"]
[Site "Loreggia ITA"]
[Date "2005.02.26"]
[Round "3"]
[White "Rostolis, Riccardo"]
[Black "Drezzadore, Dario"]
[Result "0-1"]
[WhiteElo "2010"]
[BlackElo "1963"]
[PlyCount "124"]
[EventDate "2005.02.25"]

1. e4 c5 2. Nf3 Nc6 3. d4 cxd4 4. Nxd4 Nf6 5. Nc3 e5 6. Ndb5 d6 7. Bg5 a6 8.
Na3 b5 9. Bxf6 gxf6 10. Nd5 Bg7 11. c3 f5 12. Bd3 fxe4 13. Bxe4 O-O 14. Nf6+
Qxf6 15. Qh5 Qh6 16. Qxh6 Bxh6 17. Bxc6 Ra7 18. Rd1 Rd8 19. O-O Bg4 20. f3 Be3+
21. Kh1 Bf5 22. Rfe1 Bh6 23. Rxe5 Be6 24. Rh5 Bg7 25. Be4 b4 26. Bxh7+ Kf8 27.
cxb4 Bxb2 28. Nc2 Bxa2 29. Ne3 Re7 30. Nf5 Rc7 31. Rg5 f6 32. Rh5 Be6 33. Bg6
Kg8 34. Rh4 d5 35. Nd4 Bc8 36. Bf5 Bxf5 37. Nxf5 d4 38. Rg4+ Kf8 39. Rh4 Kg8
40. Rg4+ Kf8 41. h3 d3 42. Rh4 Kg8 43. Ne3 d2 44. Rc4 Rxc4 45. Nxc4 Bc3 46. Kg1
Bxb4 47. Kf2 a5 48. Ke2 Re8+ 49. Kd3 Re1 50. Kc2 Re2 51. g3 a4 52. Nxd2 a3 53.
Kb3 Rxd2 54. Rxd2 Bxd2 55. Kxa3 Be1 56. g4 Kg7 57. Kb3 Kg6 58. f4 Bd2 59. f5+
Kg5 60. Kc2 Bf4 61. Kd3 Kh4 62. Ke4 Bg5 0-1

[Event "V Open Alta Padovana A"]
[Site "Loreggia ITA"]
[Date "2005.02.26"]
[Round "3"]
[White "Xia, Jie"]
[Black "Dallaglio, Giovanni"]
[Result "1/2-1/2"]
[WhiteElo "2097"]
[BlackElo "2028"]
[PlyCount "114"]
[EventDate "2005.02.25"]

1. e4 c6 2. d4 d5 3. Nc3 dxe4 4. Nxe4 Nd7 5. Ng5 Ngf6 6. Bc4 e6 7. Qe2 Nb6 8.
Bb3 h6 9. N5f3 c5 10. Be3 Qc7 11. Ne5 a6 12. Ngf3 Nbd5 13. O-O Nxe3 14. Qxe3
Be7 15. c4 O-O 16. Rfe1 Bd6 17. h3 b6 18. Bc2 Bb7 19. Qd3 Bxf3 20. gxf3 Rfd8
21. Ng4 cxd4 22. Nxf6+ gxf6 23. Qh7+ Kf8 24. Kh1 Bf4 25. Qh8+ Ke7 26. Qh7 e5
27. Qf5 Kf8 28. Be4 Ra7 29. Qxf6 Qd6 30. Qh8+ Ke7 31. Qh7 Qe6 32. Bf5 Qf6 33.
Bd3 Qe6 34. Bf5 Qxc4 35. Rg1 Qc6 36. Be4 Qe6 37. Bf5 Qf6 38. Bd3 Raa8 39. Rg6
Qh4 40. Kg2 Rh8 41. Qg7 Rhg8 42. Qxg8 Rxg8 43. Rxg8 b5 44. a4 b4 45. Bxa6 Bg5
46. Bd3 Qf4 47. Rd1 f5 48. Be2 Bf6 49. a5 e4 50. fxe4 fxe4 51. a6 d3 52. Bg4
Bd4 53. Rf1 Be5 54. Rh1 Bd4 55. Rf1 Be5 56. Rh1 Bd4 57. Rf1 Be5 1/2-1/2